|
|
|
|
| LEADER |
00000cam a2200000 7i4500 |
| 001 |
0000004910 |
| 005 |
20220105104007.0 |
| 008 |
070731 |
| 020 |
|
|
|a 1844581799
|
| 090 |
0 |
0 |
|a JP
|b SC ENG
|
| 100 |
1 |
|
|a Matthews, Rachel
|
| 245 |
1 |
0 |
|a Leaves
|c Rachel Matthews
|
| 260 |
|
|
|a London :
|b Chrysalis Children's Book ,
|c 2005
|
| 440 |
|
|
|a Little hands
|
| 500 |
|
|
|a Children age 4-6 years old (yellow)
|
| 650 |
|
0 |
|a Junior preschool
|x English
|x Languages
|
| 650 |
|
0 |
|a Natural history
|
| 999 |
|
|
|a 0000970748
|b Book
|c Children Collection
|e Cawangan Bandar Penawar
|
| 999 |
|
|
|a 0000983372
|b Book
|c Children Collection
|e Perbadanan Perpustakaan Awam Johor
|
| 999 |
|
|
|a 0001059228
|b Book
|c Children Collection
|e Perbadanan Perpustakaan Awam Johor
|
| 999 |
|
|
|a 0001059229
|b Book
|c Children Collection
|e Perbadanan Perpustakaan Awam Johor
|